000 00541nam a22001937a 4500
005 20251108164709.0
008 250721s9999 xx 000 0 ara d
082 1 4 _a801/فين
100 1 _aفينوغرادوف، اى . اى
245 1 0 _aمشكلات المضمون و الشكل في العمل الأدبي /
264 _c[19-].
300 _a150ص
650 1 7 _aالأدب
650 1 7 _aالفلسفة
650 1 7 _aالنظريات
700 1 _aالدجاني، هشام
_eترجمة
942 _2ddc
_cBK
999 _c12097
_d12097